| 000 | 00525nam a2200181Ia 4500 | ||
|---|---|---|---|
| 008 | 230718s9999 xx 000 0 und d | ||
| 020 | _a9780521133890 | ||
| 041 | _aeng | ||
| 082 |
_a428.2 _bMUR |
||
| 100 |
_aMurphy R. _9117555 |
||
| 245 |
_aEssential Grammar In Use _bA Self - Study Reference And Practice Book For Elementary Students Of English |
||
| 250 | _a3rd ed. | ||
| 260 |
_c2012 _bCambridge |
||
| 300 | _a319 | ||
| 365 |
_cRs. _b350.00 |
||
| 700 |
_aMurphy R. _9117555 |
||
| 906 |
_dB:8923-Jul-2013 _cGENRL _b87.5 |
||
| 999 |
_c333315 _d333315 |
||